=LDR 00000nam 2200000 4500 =001 INLIS000000000053575 =990 ##$$a 01201808232 =005 20181022105809 =035 ##$$a 0010-1018000190 =245 1#$$a PANDUAN PRAKTIS MENGURUS PAJAK SECARA ONLINE : $b DAFTAR, BAYAR, LAPOR /$c Dr. Nufransa Wira Sakti, S.Kom., M.Ec =100 #$$a Nufransa Wira Sakti =250 ##$$a Ed. 1 =300 ##$$a 214 hlm : $b Ilus ; $c 15x18 cm =260 ##$$a Jakarta :$b Visimedia,$c 2015 =082 ##$$a 336.2 =084 ##$$a 336.2 NUF p =020 ##$$a 979-065-233-x =650 ##$$a Pajak, Perpajakan